Эволюция в неживой материи - природа, механизмы, усложнение, самоорганизация; Вестник Российской академии наук; Т. 87, № 12
| Parent link: | Вестник Российской академии наук: ежемесячный научный журнал.— , 1931- Т. 87, № 12.— 2017.— [С. 1091-1100] |
|---|---|
| Autor principal: | |
| Autor corporatiu: | |
| Sumari: | Заглавие с экрана Окружающий мир меняется медленно, и это малозаметно для короткого отрезка времени. Но за 4,5 млрд. лет существования нашей планеты он изменился кардинально, появились разумный человек и ноосфера. Эту эволюцию английский биолог Р.?Докинз назвал самым грандиозным шоу на Земле. А вот природа изменений до сих пор остаётся большой загадкой и вызывает споры среди учёных разных направлений. Автор статьи убеждён, что одна из причин сложившейся ситуации - полное непризнание или узкое понимание наукой эволюции в неживой материи. На Земле есть абиогенные системы, в первую очередь водные, которые способны к непрерывной и нелинейной эволюции. Такие диссипативные системы развиваются вдали от равновесия, являются необратимыми, могут накапливать энергию или уменьшать энтропию, получают вещество и энергию из внешней среды и обладают внутренними механизмами геологически долгой эволюции с образованием более сложных соединений. Эволюция в неживой материи по многим своим механизмам и параметрам близка к эволюции живых систем. Режим доступа: по договору с организацией-держателем ресурса |
| Idioma: | rus |
| Publicat: |
2017
|
| Matèries: | |
| Accés en línia: | https://elibrary.ru/item.asp?id=30621697 |
| Format: | MixedMaterials Electrònic Capítol de llibre |
| KOHA link: | https://koha.lib.tpu.ru/cgi-bin/koha/opac-detail.pl?biblionumber=658005 |
MARC
| LEADER | 00000naa0a2200000 4500 | ||
|---|---|---|---|
| 001 | 658005 | ||
| 005 | 20250124162803.0 | ||
| 035 | |a (RuTPU)RU\TPU\network\24994 | ||
| 090 | |a 658005 | ||
| 100 | |a 20180503d2017 k||y0rusy50 ca | ||
| 101 | 0 | |a rus | |
| 102 | |a RU | ||
| 135 | |a drcn ---uucaa | ||
| 181 | 0 | |a i | |
| 182 | 0 | |a b | |
| 200 | 1 | |a Эволюция в неживой материи - природа, механизмы, усложнение, самоорганизация |f С. Л. Шварцев | |
| 203 | |a Текст |c электронный | ||
| 300 | |a Заглавие с экрана | ||
| 320 | |a [Библиогр.: 30 назв.] | ||
| 330 | |a Окружающий мир меняется медленно, и это малозаметно для короткого отрезка времени. Но за 4,5 млрд. лет существования нашей планеты он изменился кардинально, появились разумный человек и ноосфера. Эту эволюцию английский биолог Р.?Докинз назвал самым грандиозным шоу на Земле. А вот природа изменений до сих пор остаётся большой загадкой и вызывает споры среди учёных разных направлений. Автор статьи убеждён, что одна из причин сложившейся ситуации - полное непризнание или узкое понимание наукой эволюции в неживой материи. На Земле есть абиогенные системы, в первую очередь водные, которые способны к непрерывной и нелинейной эволюции. Такие диссипативные системы развиваются вдали от равновесия, являются необратимыми, могут накапливать энергию или уменьшать энтропию, получают вещество и энергию из внешней среды и обладают внутренними механизмами геологически долгой эволюции с образованием более сложных соединений. Эволюция в неживой материи по многим своим механизмам и параметрам близка к эволюции живых систем. | ||
| 333 | |a Режим доступа: по договору с организацией-держателем ресурса | ||
| 461 | |t Вестник Российской академии наук |o ежемесячный научный журнал |d 1931- | ||
| 463 | |t Т. 87, № 12 |v [С. 1091-1100] |d 2017 | ||
| 610 | 1 | |a электронный ресурс | |
| 610 | 1 | |a труды учёных ТПУ | |
| 610 | 1 | |a эволюция | |
| 610 | 1 | |a неживая материя | |
| 610 | 1 | |a косное вещество | |
| 610 | 1 | |a вода | |
| 610 | 1 | |a синергетика | |
| 700 | 1 | |a Шварцев |b С. Л. |c российский гидрогеолог, доктор геолого-минералогических наук |c профессор Томского политехнического университета, академик РАЕН |f 1936- |g Степан Львович |3 (RuTPU)RU\TPU\pers\25914 | |
| 712 | 0 | 2 | |a Национальный исследовательский Томский политехнический университет |b Инженерная школа природных ресурсов |b Отделение геологии |3 (RuTPU)RU\TPU\col\23542 |
| 801 | 2 | |a RU |b 63413507 |c 20180503 |g RCR | |
| 856 | 4 | 0 | |u https://elibrary.ru/item.asp?id=30621697 |
| 942 | |c CF | ||